书目信息 |
| 题名: |
高性能土木工程材料
|
|
| 作者: | 谢祥兵 , 李广慧 主编 | |
| 分册: | ||
| 出版信息: | 北京 化学工业出版社 2024.10 |
|
| 页数: | 231页 | |
| 开本: | 26cm | |
| 丛书名: | ||
| 单 册: | ||
| 中图分类: | TU5 | |
| 科图分类: | ||
| 主题词: | 土木工程--tu mu gong cheng--工程材料--高等教育--教材 | |
| 电子资源: | ||
| ISBN: | 978-7-122-45758-5 | |
| 000 | 01106nam0 2200265 450 | |
| 001 | 95414 | |
| 005 | 20250902105753.35 | |
| 010 | @a978-7-122-45758-5@dCNY48.00 | |
| 100 | @a20240914d2024 em y0chiy50 ea | |
| 101 | 0 | @achi |
| 102 | @aCN@b110000 | |
| 105 | @aak a 000yy | |
| 106 | @ar | |
| 200 | 1 | @a高性能土木工程材料@Agao xing neng tu mu gong cheng cai liao@f谢祥兵, 李广慧主编 |
| 210 | @a北京@c化学工业出版社@d2024.10 | |
| 215 | @a231页@c图@d26cm | |
| 320 | @a有书目 | |
| 330 | @a本书根据土木工程专业的培养要求, 结合国家标准和行业规范编写而成, 旨在帮助学生了解土木工程常用高性能材料、新技术, 以利于学生开阔新思路和合理选用材料。着重阐述了高性能混凝土和增材制造混凝土、纤维增强复合材料、高性能钢材、智能土木工程材料及土工合成材料的性能、测试及应用。 | |
| 333 | @a化学工业出版社“十四五”普通高等教育规划教材 普通高等教育一流本科专业建设成果教材 | |
| 606 | 0 | @a土木工程@Atu mu gong cheng@x工程材料@x高等教育@j教材 |
| 690 | @aTU5@v5 | |
| 701 | 0 | @a谢祥兵@Axie xiang bing@4主编 |
| 701 | 0 | @a李广慧@Ali guang hui@4主编 |
| 801 | 0 | @aCN@c20250909 |
| 905 | @a河南城建学院图书馆@dTU5@eX470@f1 | |
| 高性能土木工程材料/谢祥兵, 李广慧主编.-北京:化学工业出版社,2024.10 |
| 231页:图;26cm |
| 使用对象:化学工业出版社“十四五”普通高等教育规划教材 普通高等教育一流本科专业建设成果教材 |
| ISBN 978-7-122-45758-5:CNY48.00 |
| 本书根据土木工程专业的培养要求, 结合国家标准和行业规范编写而成, 旨在帮助学生了解土木工程常用高性能材料、新技术, 以利于学生开阔新思路和合理选用材料。着重阐述了高性能混凝土和增材制造混凝土、纤维增强复合材料、高性能钢材、智能土木工程材料及土工合成材料的性能、测试及应用。 |
| ● |
| 相关链接 |
|
|
|
正题名:高性能土木工程材料
索取号:TU5/X470
 
预约/预借
| 序号 | 登录号 | 条形码 | 馆藏地/架位号 | 状态 | 备注 |
| 1 | 1629472 | 216294720 | 建筑库201/201建筑库 2排4列5层/ [索取号:TU5/X470] | 在馆 |